000 01069nam2a2200253 4500
001 RU\NLR\bibl\1010175
005 20250614230953.0
010 _a5-9539-1226-9
_915000
021 _aRU
_b2006-62097
_93095
035 _a(NLR Aleph) 000997813
090 _a559518
_c559518
100 _a20061117d2006 |||y0rusy50 ca
101 0 _arus
102 _aRU
105 _aa |||||||||
200 0 _aКн. 3
210 _d2006
_aБ. м.
215 _a28,[4] с.
_cцв. ил.
461 0 _1001RU\NLR\bibl\1034380
_12001#$aПутеводитель по миру чародеек$vКн. 3
_9703431
_cМосква
_d2006
_fпер. с англ. Натальи Горбуновой]
_nЭгмонт Россия Лтд
_o[интерессные истории - Досье на чародеек - Полезные советы : для детей среднего школьного возраста
_tПутеводитель по миру чародеек
_vКн. 3
801 0 _aRU
_bNLR
_c20061117
_grcr
801 1 _aRU
_bNLR
_c20061117
942 _cBOOK
980 _aNB